Top 20 Celtics players of all time - Statistics

General Stats
  • This quiz has been taken 186 times
    153 since last reset
  • The average score is 12 of 20
Answer Stats
Rank Player % Correct
1. Larry Bird
96%
18. Jayson Tatum
93%
5. Paul Pierce
92%
2. Bill Russell
88%
12. Kevin Garnett
87%
20. Jaylen Brown
85%
4. Bob Cousy
72%
3. John Havlicek
71%
7. Robert Parish
71%
6. Kevin McHale
69%
8. Sam Jones
53%
16. K.C. Jones
52%
9. Dave Cowens
46%
13. Jo Jo White
43%
11. Dennis Johnson
42%
19. Marcus Smart
38%
17. Antoine Walker
36%
10. Tom Heinsohn
33%
14. Bill Sharman
23%
15. Cedric Maxwell
22%
No matching quizzes found
Score Distribution
Percent of People with Each Score
Percentile by Number Answered
Your Score History
You have not taken this quiz since the last reset